01456nam a2200349 a 4500001001200000003000800012006001900020007001500039008004100054010001700095020004200112020002700154040002100181035002100202050002500223082001900248245012800267250001200395260005500407300001500462504005100477505009200528533015200620650003800772655002900810700004000839700004300879700002400922710001700946856012600963999001701089ebr10667428CaPaEBRm u cr cn|||||||||121102s2013 enk sb 001 0 eng d z 2012044509 z9780470659649 (hardback : alk. paper) z9781118625323 (e-book) aCaPaEBRcCaPaEBR a(OCoLC)83462467814aRC281.C4bE95 2013eb04a618.92/99422300aEvidence-based pediatric oncologyh[electronic resource] /cedited by Ross Pinkerton, Ananth Shankar, Katherine K. Matthay. a3rd ed. aChichester, West Sussex :bWiley-Blackwell,c2013. axv, 278 p. aIncludes bibliographical references and index.0 apt. 1. Solid tumors -- pt. 2. Leukemia -- pt. 3. Supportive care in pediatric oncology. aElectronic reproduction.bPalo Alto, Calif. :cebrary,d2013.nAvailable via World Wide Web.nAccess may be limited to ebrary affiliated libraries. 0aTumors in childrenvCase studies. 7aElectronic books.2local1 aPinkerton, C. R.q(C. Ross),d1950-1 aShankar, A. G.q(Ananth Gouri),d1962-1 aMatthay, Katherine.2 aebrary, Inc.40uhttp://site.ebrary.com/lib/rucke/Doc?id=10667428zAn electronic book accessible through the World Wide Web; click to view c61365d61365